000 00360pam a2200157a 44500
008 230515b1997 xxu||||| |||| 00| 0 eng d
020 _aNULL
041 _aENGLISH
082 _a630
100 _aMENON K S
245 _aPURCHASE & INVENTORY CONTROL
250 _a2
260 _aDELHI
_bWORLD HEALTH ORGANIZATION
_c1997
300 _a553
650 _aNULL
999 _c651427
_d651427